<?xml version="1.0" encoding="UTF-8"?>
<record
    xmlns:xsi="http://www.w3.org/2001/XMLSchema-instance"
    xsi:schemaLocation="http://www.loc.gov/MARC21/slim http://www.loc.gov/standards/marcxml/schema/MARC21slim.xsd"
    xmlns="http://www.loc.gov/MARC21/slim">

  <leader>00905cam a22002651  4500</leader>
  <controlfield tag="001">sa 66007714 </controlfield>
  <controlfield tag="003">DLC</controlfield>
  <controlfield tag="005">20260227112307.0</controlfield>
  <controlfield tag="008">911112s1962    ii       b    000 1 urdr </controlfield>
  <datafield tag="010" ind1=" " ind2=" ">
    <subfield code="a">sa 66007714 </subfield>
  </datafield>
  <datafield tag="025" ind1=" " ind2=" ">
    <subfield code="a">PL480:I-U-481</subfield>
  </datafield>
  <datafield tag="035" ind1=" " ind2=" ">
    <subfield code="a">(OCoLC)24769313</subfield>
  </datafield>
  <datafield tag="040" ind1=" " ind2=" ">
    <subfield code="a">DLC</subfield>
    <subfield code="c">WaU</subfield>
    <subfield code="d">WaU</subfield>
    <subfield code="d">DLC</subfield>
  </datafield>
  <datafield tag="042" ind1=" " ind2=" ">
    <subfield code="a">premarc</subfield>
  </datafield>
  <datafield tag="050" ind1="0" ind2="0">
    <subfield code="a">PK2198.A1</subfield>
    <subfield code="b">B3 1962</subfield>
  </datafield>
  <datafield tag="245" ind1="0" ind2="0">
    <subfield code="a">B&#x101;g&#x332;h&#x332; o bah&#x101;r;</subfield>
    <subfield code="b">ya&#x2BB;n&#x12B;, qi&#x1E63;&#x1E63;ah-&#x2BC;i cah&#x101;r darv&#x12B;sh, ma&#x2BB;a muqaddamah va farhang.</subfield>
    <subfield code="c">mu&#x2BC;allafah-&#x2BC;i M&#x12B;r Amman Dihlav&#x12B;. murattabah &#x2BB;Abdul&#x1E25;aq.</subfield>
  </datafield>
  <datafield tag="260" ind1=" " ind2=" ">
    <subfield code="a">&#x2BB;Al&#x12B;&#x2B9;ga&#x1E5B;h,</subfield>
    <subfield code="b">Yun&#x12B;varsi&#x1E6D;&#x12B; Pablisharz</subfield>
    <subfield code="c">[1962?]</subfield>
  </datafield>
  <datafield tag="300" ind1=" " ind2=" ">
    <subfield code="a">223 p.</subfield>
    <subfield code="c">18 cm.</subfield>
  </datafield>
  <datafield tag="500" ind1=" " ind2=" ">
    <subfield code="a">In Urdu.</subfield>
  </datafield>
  <datafield tag="504" ind1=" " ind2=" ">
    <subfield code="a">Bibliographical footnotes.</subfield>
  </datafield>
  <datafield tag="650" ind1=" " ind2="0">
    <subfield code="a">Urdu language</subfield>
    <subfield code="x">Readers.</subfield>
  </datafield>
  <datafield tag="700" ind1="0" ind2=" ">
    <subfield code="a">Am&#x12B;r Khusraw Dihlav&#x12B;,</subfield>
    <subfield code="d">approximately 1253-1325.</subfield>
  </datafield>
  <datafield tag="700" ind1="0" ind2=" ">
    <subfield code="a">M&#x12B;r Amman Dihlav&#x12B;,</subfield>
    <subfield code="d">active 1801-1806.</subfield>
  </datafield>
  <datafield tag="700" ind1="0" ind2=" ">
    <subfield code="a">&#x2BB;Abdul&#x1E25;aq,</subfield>
    <subfield code="d">1869-1961.</subfield>
  </datafield>
  <datafield tag="999" ind1=" " ind2=" ">
    <subfield code="c">71360</subfield>
    <subfield code="d">71360</subfield>
  </datafield>
</record>
